[Event "Ontario ch"]
[Site "Toronto CAN"]
[Date "1997.??.??"]
[Round "2"]
[White "Jung, Hans"]
[Black "Kiviaho, Robert"]
[Result "1-0"]
[WhiteElo "2240"]
[BlackElo "2180"]
[PlyCount "92"]
[GameId "2160767911931975"]
[EventDate "1997.09.28"]
[EventType "tourn"]
[EventRounds "9"]
[EventCountry "CAN"]
[SourceTitle "EXT 1999"]
[Source "ChessBase"]
[SourceDate "1998.11.10"]
[SourceVersion "1"]
[SourceVersionDate "1998.11.10"]
[SourceQuality "1"]

1. e4 c5 2. d4 cxd4 3. c3 dxc3 4. Nxc3 Nc6 5. Nf3 d6 6. h3 Nf6 7. Bc4 e6 8. Bf4 Be7 9. Qe2 a6 10. Rc1 O-O 11. O-O b5 12. Bd3 Bb7 13. Rfd1 Qa5 14. a3 Rac8 15. Bb1 Rfd8 16. Bd2 Qc7 17. Nd5 exd5 18. exd5 Nxd5 19. Ba2 Nf6 20. Bxf7+ Kh8 21. Ng5 Rf8 22. Ba2 d5 23. Bb1 Qe5 24. Qd3 Bd6 25. g3 Ne4 26. Bf4 Qf5 27. Bxd6 Nxd6 28. Qe3 Qe5 29. Qd3 Ne4 30. f4 Qxb2 31. Rc2 Qf6 32. Nxe4 dxe4 33. Qxe4 g6 34. Rd7 Rce8 35. Qd3 Na5 36. Rcc7 Be4 37. Rxh7+ Kg8 38. Ba2+ Nc4 39. Bxc4+ bxc4 40. Qxc4+ Re6 41. Rcg7+ Qxg7 42. Rxg7+ Kxg7 43. Qxe6 Bb7 44. Qe5+ Kg8 45. g4 Rf7 46. h4 Kf8 1-0

[Event "Ontario ch"]
[Site "Toronto CAN"]
[Date "1997.10.05"]
[Round "2"]
[White "Day, Lawrence"]
[Black "McTavish, David"]
[Result "1/2-1/2"]
[WhiteElo "2461"]
[BlackElo "2200"]
[PlyCount "61"]
[GameId "2160767911931976"]
[EventDate "1997.09.28"]
[EventType "tourn"]
[EventRounds "9"]
[EventCountry "CAN"]

1. e4 e5 2. Nf3 Nc6 3. d4 exd4 4. Nxd4 Nf6 5. Nxc6 bxc6 6. e5 Qe7 7. Qe2 Nd5 8. c4 Ba6 9. g3 O-O-O 10. b3 f6 11. e6 g6 12. Bh3 f5 13. Bb2 Bg7 14. O-O dxe6 15. Bxg7 Qxg7 16. Nd2 Rhe8 17. Nf3 e5 18. Qb2 Nb4 19. Rfd1 c5 20. Rxd8+ Kxd8 21. Re1 Nc6 22. Qa3 Bb7 23. Qxc5 e4 24. Rd1+ Kc8 25. Ne1 Qe5 26. Qe3 Rd8 27. Rxd8+ Kxd8 28. a3 a5 29. Qh6 Qe7 30. Nc2 Ne5 31. Qd2+ 1/2-1/2

[Event "Ontario ch"]
[Site "Toronto CAN"]
[Date "1997.10.05"]
[Round "2"]
[White "Dougherty, Michael"]
[Black "Zugic, Igor"]
[Result "1-0"]
[WhiteElo "2313"]
[BlackElo "2347"]
[PlyCount "59"]
[GameId "2160767911931977"]
[EventDate "1997.09.28"]
[EventType "tourn"]
[EventRounds "9"]
[EventCountry "CAN"]

1. e4 e6 2. d4 d5 3. Nc3 Bb4 4. exd5 exd5 5. Bd3 Nc6 6. a3 Bxc3+ 7. bxc3 Nge7 8. Rb1 b6 9. Qf3 Be6 10. Ne2 Qd7 11. O-O Bf5 12. Ng3 Bxd3 13. cxd3 O-O 14. h4 Rae8 15. a4 f5 16. h5 Nd8 17. Bf4 Ne6 18. Rfe1 g5 19. hxg6 hxg6 20. Bh6 Rf7 21. Ne2 Rh7 22. Nf4 Nxf4 23. Bxf4 Kf7 24. Qg3 Reh8 25. f3 Qxa4 26. Qg5 Nc6 27. Be5 Nxe5 28. Rxe5 Rh1+ 29. Kf2 Qc2+ 30. Ke3 1-0

[Event "Ontario ch"]
[Site "Toronto CAN"]
[Date "1997.10.05"]
[Round "2"]
[White "Nickoloff, Bryon"]
[Black "Ochkoos, Jura"]
[Result "1-0"]
[WhiteElo "2498"]
[BlackElo "2426"]
[PlyCount "55"]
[GameId "2160767911931978"]
[EventDate "1997.09.28"]
[EventType "tourn"]
[EventRounds "9"]
[EventCountry "CAN"]

1. d4 d5 2. c4 e6 3. Nc3 Nf6 4. cxd5 exd5 5. Bg5 c6 6. e3 Be7 7. Qc2 O-O 8. Bd3 Nbd7 9. Nf3 Re8 10. O-O Nf8 11. h3 Ne4 12. Bf4 f5 13. Ne5 Bf6 14. b4 Be6 15. Na4 Qe7 16. Nc5 Rec8 17. Rab1 g6 18. a4 Kg7 19. Rb2 h5 20. f3 Nd6 21. g4 Bg5 22. Qh2 Bxf4 23. Qxf4 b6 24. Nxe6+ Nxe6 25. Qg3 h4 26. Nxg6 Kxg6 27. gxf5+ Kh7 28. f6+ 1-0

[Event "Ontario ch"]
[Site "Toronto CAN"]
[Date "1997.10.05"]
[Round "2"]
[White "Teodoro, Roderick"]
[Black "Teodoro, Eduardo"]
[Result "0-1"]
[WhiteElo "2269"]
[BlackElo "2435"]
[PlyCount "38"]
[GameId "2160767911931979"]
[EventDate "1997.09.28"]
[EventType "tourn"]
[EventRounds "9"]
[EventCountry "CAN"]

1. Nf3 f5 2. c4 g6 3. d4 Bg7 4. Nc3 Nf6 5. e3 d6 6. Qc2 O-O 7. b3 Qe8 8. Bb2 e5 9. dxe5 dxe5 10. Nd5 e4 11. Nxf6+ Bxf6 12. Bxf6 Rxf6 13. Qc3 Nd7 14. Rd1 exf3 15. Rxd7 Bxd7 16. Qxf6 Bc6 17. gxf3 Bxf3 18. Rg1 Qe4 19. c5 Qb4+ 0-1

[Event "Ontario ch"]
[Site "Toronto CAN"]
[Date "1997.10.12"]
[Round "3"]
[White "McTavish, David"]
[Black "Jung, Hans"]
[Result "0-1"]
[WhiteElo "2200"]
[BlackElo "2298"]
[PlyCount "82"]
[GameId "2160767911931981"]
[EventDate "1997.09.28"]
[EventType "tourn"]
[EventRounds "9"]
[EventCountry "CAN"]

1. d4 Nf6 2. Nf3 e6 3. Bg5 c5 4. e3 Qb6 5. Nbd2 cxd4 6. Nxd4 Qxb2 7. Bxf6 gxf6 8. Rb1 Qc3 9. Rb3 Qa5 10. Rb5 Qd8 11. Rh5 Nc6 12. Bd3 f5 13. Nxc6 bxc6 14. e4 fxe4 15. Nxe4 d5 16. Ng5 Qa5+ 17. Kf1 h6 18. Qf3 Qc7 19. Nh7 Bg7 20. Nf6+ Ke7 21. Ng4 Rb8 22. Ke2 e5 23. Re1 e4 24. Kf1 f5 25. Rxf5 Bxf5 26. Qxf5 Rhf8 27. Qg6 Kd8 28. Bxe4 Re8 29. Rd1 Qd7 30. Bf3 Kc7 31. Nxh6 Re6 32. Qg3+ Be5 33. Qh4 Rh8 34. Qa4 Rhxh6 35. Bg4 Rxh2 36. Qa5+ Kc8 37. Bxe6 Qxe6 38. Qa6+ Kd8 39. Kg1 Qh6 40. Kf1 Rh1+ 41. Ke2 Qh5+ 0-1

[Event "Ontario ch"]
[Site "Toronto CAN"]
[Date "1997.10.12"]
[Round "3"]
[White "Ochkoos, Jura"]
[Black "Teodoro, Roderick"]
[Result "1/2-1/2"]
[WhiteElo "2426"]
[BlackElo "2269"]
[PlyCount "93"]
[GameId "2160767911931982"]
[EventDate "1997.09.28"]
[EventType "tourn"]
[EventRounds "9"]
[EventCountry "CAN"]

1. e4 c5 2. Nf3 Nc6 3. d4 cxd4 4. Nxd4 e5 5. Nb5 a6 6. Nd6+ Bxd6 7. Qxd6 Qf6 8. Qd1 Qg6 9. f3 Nge7 10. Nc3 d5 11. Nxd5 Nxd5 12. Qxd5 Be6 13. Qd2 Rd8 14. Qf2 f5 15. exf5 Bxf5 16. c3 e4 17. f4 Rf8 18. Be2 Bc8 19. Qh4 Qxg2 20. Rf1 Qh3 21. Qg3 g6 22. Be3 Qe6 23. Bb6 Nb4 24. Bxd8 Nc2+ 25. Kf2 Nxa1 26. Rxa1 Kxd8 27. Rd1+ Ke8 28. Rd4 Bd7 29. Ke3 Bc6 30. h4 Rf7 31. Bc4 Qf5 32. Bxf7+ Kxf7 33. b4 Qb5 34. Qf2 a5 35. a3 axb4 36. axb4 Qa4 37. f5 Qa7 38. fxg6+ Kxg6 39. Qf4 Kg7 40. Qe5+ Kf7 41. b5 Qa1 42. bxc6 Qe1+ 43. Kf4 Qxh4+ 44. Kf5 Qh5+ 45. Kxe4 Qe2+ 46. Kf4 Qh2+ 47. Ke4 1/2-1/2

[Event "Ontario ch"]
[Site "Toronto CAN"]
[Date "1997.10.12"]
[Round "3"]
[White "Teodoro, Eduardo"]
[Black "Dougherty, Michael"]
[Result "1-0"]
[WhiteElo "2435"]
[BlackElo "2313"]
[PlyCount "103"]
[GameId "2160767911931983"]
[EventDate "1997.09.28"]
[EventType "tourn"]
[EventRounds "9"]
[EventCountry "CAN"]

1. e4 e5 2. Nc3 Bc5 3. Nf3 Nc6 4. Bb5 d6 5. Na4 Bb6 6. Nxb6 axb6 7. c3 Nge7 8. d4 exd4 9. Nxd4 O-O 10. O-O Nxd4 11. cxd4 d5 12. e5 Bf5 13. Be3 Qc8 14. a3 Qe6 15. Rc1 c6 16. Be2 f6 17. exf6 Rxf6 18. Rc3 Qd6 19. Bg5 Rf7 20. g4 Bd7 21. f4 h6 22. Bxe7 Qxe7 23. Rg3 Raf8 24. Qd2 g5 25. f5 Qf6 26. Re3 Re8 27. Rff3 Rfe7 28. Rxe7 Rxe7 29. Re3 Kf7 30. Kf2 Qd6 31. Rxe7+ Kxe7 32. Qe3+ Kf6 33. Kg2 c5 34. h4 Bc6 35. hxg5+ hxg5 36. Qh3 Qf8 37. Qh5 Be8 38. Qh2 cxd4 39. Qc7 Qe7 40. Qxb6+ Bc6 41. Qxd4+ Qe5 42. Qxe5+ Kxe5 43. Bf3 Be8 44. Kf2 Bf7 45. Ke3 b6 46. Bd1 Be8 47. a4 Bd7 48. b4 Bc6 49. a5 bxa5 50. bxa5 d4+ 51. Kd2 Kd6 52. a6 1-0

[Event "Ontario ch"]
[Site "Toronto CAN"]
[Date "1997.10.12"]
[Round "3"]
[White "Zugic, Igor"]
[Black "Day, Lawrence"]
[Result "1/2-1/2"]
[WhiteElo "2347"]
[BlackElo "2461"]
[PlyCount "89"]
[GameId "2160767911931984"]
[EventDate "1997.09.28"]
[EventType "tourn"]
[EventRounds "9"]
[EventCountry "CAN"]

1. d4 d6 2. c4 e5 3. dxe5 dxe5 4. Qxd8+ Kxd8 5. Nc3 Be6 6. b3 Nc6 7. Bb2 Kc8 8. O-O-O Nf6 9. h3 Bc5 10. e3 Nd7 11. Nf3 f6 12. Bd3 a5 13. g4 Be7 14. a3 Nc5 15. Bc2 h5 16. Nd5 Bd8 17. g5 fxg5 18. Nxe5 Nxe5 19. Bxe5 c6 20. Bxg7 Rg8 21. Bd4 Nd7 22. Bh7 Rf8 23. Nc3 c5 24. Bg7 Rxf2 25. Bg6 h4 26. Rd6 Ra6 27. Rxa6 bxa6 28. Bh5 Bf5 29. e4 Be6 30. Nd5 Rg2 31. Ne3 Rg3 32. Nf5 Rxb3 33. Bg4 Kb8 34. Nd4 cxd4 35. Bxe6 Bf6 36. Bxf6 Nxf6 37. e5 Rc3+ 38. Kb2 Ne4 39. Rd1 d3 40. Rc1 d2 41. Rd1 Re3 42. Bf5 Nc3 43. Rxd2 Na4+ 44. Kc2 Rxe5 45. Bg4 1/2-1/2

[Event "Ontario ch"]
[Site "Toronto CAN"]
[Date "1997.10.19"]
[Round "4"]
[White "Day, Lawrence"]
[Black "Teodoro, Eduardo"]
[Result "1/2-1/2"]
[WhiteElo "2461"]
[BlackElo "2435"]
[PlyCount "24"]
[GameId "2160767911931985"]
[EventDate "1997.09.28"]
[EventType "tourn"]
[EventRounds "9"]
[EventCountry "CAN"]

1. e4 c5 2. f4 g6 3. Nc3 Bg7 4. Nf3 Nc6 5. a3 d6 6. Be2 e6 7. O-O Nge7 8. Qe1 Nd4 9. Bd1 O-O 10. d3 Rb8 11. Kh1 Nec6 12. Rb1 b5 1/2-1/2

[Event "Ontario ch"]
[Site "Toronto CAN"]
[Date "1997.10.19"]
[Round "4"]
[White "Dougherty, Michael"]
[Black "Ochkoos, Jura"]
[Result "1-0"]
[WhiteElo "2313"]
[BlackElo "2426"]
[PlyCount "65"]
[GameId "2160767911931986"]
[EventDate "1997.09.28"]
[EventType "tourn"]
[EventRounds "9"]
[EventCountry "CAN"]

1. d4 d5 2. Nf3 e6 3. c4 c6 4. Qc2 Bb4+ 5. Bd2 Bd6 6. Nc3 f5 7. h3 Nf6 8. g4 dxc4 9. e4 fxe4 10. Ne5 b5 11. g5 Nd5 12. Nxe4 Qc7 13. Nxd6+ Qxd6 14. g6 h6 15. Nf7 Qf8 16. b3 c3 17. Bxc3 Rg8 18. Bd2 Bd7 19. Bg2 Na6 20. Bxd5 cxd5 21. Bf4 Qb4+ 22. Kf1 Qxd4 23. Be5 Nb4 24. Qe2 Qd3 25. Qxd3 Nxd3 26. Bd6 b4 27. Kg2 Bb5 28. Rac1 e5 29. Rc7 Nf4+ 30. Kg3 Nxg6 31. Nxe5 Rd8 32. Re1 Rxd6 33. Nf7+ 1-0

[Event "Ontario ch"]
[Site "Toronto CAN"]
[Date "1997.10.19"]
[Round "4"]
[White "Jung, Hans"]
[Black "Zugic, Igor"]
[Result "0-1"]
[WhiteElo "2298"]
[BlackElo "2347"]
[PlyCount "96"]
[GameId "2160767911931987"]
[EventDate "1997.09.28"]
[EventType "tourn"]
[EventRounds "9"]
[EventCountry "CAN"]

1. e4 e6 2. d3 c5 3. g3 Nc6 4. Bg2 g6 5. h4 Nf6 6. c3 d5 7. exd5 exd5 8. Qe2+ Be7 9. Bh6 Ng4 10. Bf4 O-O 11. Na3 Re8 12. O-O-O Bxh4 13. Qf3 Bf6 14. Nh3 Be6 15. Rde1 Nge5 16. Qd1 Bf5 17. Bf1 a6 18. Be2 b5 19. g4 Bd7 20. Nc2 d4 21. cxd4 Nxd4 22. Nxd4 cxd4 23. Bd2 Qc8+ 24. Kb1 Bxg4 25. Ng5 Bxe2 26. Qxe2 Bxg5 27. Bxg5 Qf5 28. f4 Qxd3+ 29. Qxd3 Nxd3 30. Ref1 f5 31. Rh2 Re1+ 32. Rxe1 Nxe1 33. Re2 Nf3 34. Bf6 Kf7 35. Be5 Nxe5 36. Rxe5 Rd8 37. Kc2 d3+ 38. Kd2 Rd6 39. Rc5 Kf6 40. Rc7 h6 41. Rh7 Rd4 42. Rxh6 Rxf4 43. Kxd3 Ra4 44. a3 b4 45. axb4 Rxb4 46. Kc3 Rb6 47. b4 Kg5 48. Rh7 f4 0-1

[Event "Ontario ch"]
[Site "Toronto CAN"]
[Date "1997.10.19"]
[Round "4"]
[White "Kiviaho, Robert"]
[Black "McTavish, David"]
[Result "1-0"]
[WhiteElo "2330"]
[BlackElo "2200"]
[PlyCount "87"]
[GameId "2160767911931988"]
[EventDate "1997.09.28"]
[EventType "tourn"]
[EventRounds "9"]
[EventCountry "CAN"]

1. Nf3 c5 2. c4 Nf6 3. Nc3 d5 4. cxd5 Nxd5 5. g3 Nc6 6. Bg2 Nc7 7. O-O e5 8. Ne1 Bd7 9. Nd3 f6 10. b3 Be7 11. Ba3 b6 12. f4 exf4 13. Nxf4 O-O 14. Rc1 Kh8 15. Ncd5 Nxd5 16. Bxd5 Rb8 17. e3 Ne5 18. Qc2 Bh3 19. Qe4 Bxf1 20. Rxf1 Qe8 21. Ne6 Qg6 22. Nxf8 Qxe4 23. Bxe4 Bxf8 24. Bb2 Nf7 25. Bd5 Nh6 26. h3 Rd8 27. Rxf6 Ng8 28. Bxg8 Kxg8 29. Rf2 Rd5 30. Kg2 c4 31. bxc4 Ra5 32. d4 Rxa2 33. e4 a5 34. Kf3 a4 35. Ke3 a3 36. Bc3 Rxf2 37. Kxf2 Kf7 38. Ke3 g6 39. Kd3 h5 40. Kc2 Ke6 41. d5+ Kd7 42. Bd4 Kc7 43. Kb3 g5 44. g4 1-0

[Event "Ontario ch"]
[Site "Toronto CAN"]
[Date "1997.10.19"]
[Round "4"]
[White "Nickoloff, Bryon"]
[Black "Teodoro, Roderick"]
[Result "1-0"]
[WhiteElo "2498"]
[BlackElo "2269"]
[PlyCount "73"]
[GameId "2160767911931989"]
[EventDate "1997.09.28"]
[EventType "tourn"]
[EventRounds "9"]
[EventCountry "CAN"]

1. d4 d5 2. c4 dxc4 3. e3 Nf6 4. Bxc4 e6 5. Nf3 a6 6. O-O c5 7. Bd3 Nbd7 8. Qe2 cxd4 9. exd4 b5 10. a4 b4 11. Nbd2 Bb7 12. Nc4 Be7 13. Bf4 O-O 14. Rfc1 a5 15. Nd6 Bd5 16. Nb5 Qb6 17. Ne5 Rac8 18. Nc4 Bxc4 19. Bxc4 Rfe8 20. Bb3 Bf8 21. Qf3 Rxc1+ 22. Rxc1 e5 23. dxe5 Nxe5 24. Qe2 Ng6 25. Be3 Qb8 26. Qc4 Ne5 27. Qc7 Qa8 28. Qc2 Qb8 29. h3 Ng6 30. Qc7 Qxc7 31. Rxc7 Re7 32. Rc8 Rd7 33. Bc5 h6 34. Bc2 Rd2 35. Bxg6 fxg6 36. Rxf8+ Kh7 37. Bd4 1-0

[Event "Ontario ch"]
[Site "Toronto CAN"]
[Date "1997.10.26"]
[Round "5"]
[White "Ochkoos, Jura"]
[Black "Day, Lawrence"]
[Result "1-0"]
[WhiteElo "2426"]
[BlackElo "2461"]
[PlyCount "79"]
[GameId "2160767911931991"]
[EventDate "1997.09.28"]
[EventType "tourn"]
[EventRounds "9"]
[EventCountry "CAN"]

1. e4 c5 2. Nf3 d6 3. d4 cxd4 4. Nxd4 Nf6 5. Nc3 g6 6. Be3 Bg7 7. Qd2 Ng4 8. Bg5 h6 9. Bh4 Nc6 10. Nb3 g5 11. Bg3 Be6 12. f3 Nge5 13. Nd5 Ng6 14. c3 Bd7 15. Bf2 Nce5 16. Be2 b5 17. Nd4 e6 18. Ne3 Rb8 19. g3 h5 20. h4 gxh4 21. f4 hxg3 22. Bxg3 h4 23. Bh2 Nc4 24. Bxc4 bxc4 25. Nxc4 Qc7 26. b3 Bh6 27. O-O-O Ke7 28. Kc2 Rhd8 29. Qf2 f5 30. exf5 exf5 31. Nf3 Bc6 32. Rhe1+ Kf8 33. Nd4 Bd7 34. Re6 Kf7 35. Rxd6 Bf8 36. Rxg6 Kxg6 37. Qxh4 Bg7 38. Ne5+ Bxe5 39. Rg1+ Kf7 40. Qh7+ 1-0

[Event "Ontario ch"]
[Site "Toronto CAN"]
[Date "1997.10.26"]
[Round "5"]
[White "Teodoro, Eduardo"]
[Black "Jung, Hans"]
[Result "1-0"]
[WhiteElo "2435"]
[BlackElo "2298"]
[PlyCount "107"]
[GameId "2160767911931992"]
[EventDate "1997.09.28"]
[EventType "tourn"]
[EventRounds "9"]
[EventCountry "CAN"]

1. e4 d6 2. d4 e5 3. Nc3 Be7 4. Be3 exd4 5. Qxd4 Nf6 6. h3 O-O 7. g4 a6 8. Nge2 Nc6 9. Qd1 b5 10. Ng3 Ne5 11. f4 Nc4 12. Bxc4 bxc4 13. g5 Ne8 14. Qe2 Rb8 15. O-O-O c5 16. Qxc4 Nc7 17. Nd5 Nxd5 18. exd5 f6 19. h4 Rb4 20. Qc3 Bg4 21. Rdf1 Qd7 22. a3 Rb7 23. Qd3 Rfb8 24. f5 Rxb2 25. Qc4 Bd8 26. Kd2 Ba5+ 27. Kd3 Qe8 28. Rf4 R8b4 29. axb4 Rxb4 30. Qxb4 cxb4 31. Rxg4 Qb5+ 32. Ke4 Qc4+ 33. Kf3 Qxd5+ 34. Kf2 fxg5 35. hxg5 Qa2 36. Rd1 Qxc2+ 37. Rd2 Qc6 38. f6 b3 39. Re2 Bc3 40. Rf4 gxf6 41. gxf6 Kf7 42. Ne4 h6 43. Nxc3 Qxc3 44. Bd4 Qh3 45. Ke1 Qg3+ 46. Rff2 d5 47. Re7+ Kf8 48. Rd7 Qh4 49. f7 Qe4+ 50. Kf1 Qb1+ 51. Kg2 Qe4+ 52. Kh2 Qh4+ 53. Kg1 Qxf2+ 54. Kxf2 1-0

[Event "Ontario ch"]
[Site "Toronto CAN"]
[Date "1997.10.26"]
[Round "5"]
[White "Teodoro, Roderick"]
[Black "Dougherty, Michael"]
[Result "0-1"]
[WhiteElo "2269"]
[BlackElo "2313"]
[PlyCount "64"]
[GameId "2160767911931993"]
[EventDate "1997.09.28"]
[EventType "tourn"]
[EventRounds "9"]
[EventCountry "CAN"]

1. e4 c5 2. Nf3 Nc6 3. d4 cxd4 4. Nxd4 Nf6 5. Nc3 d6 6. Be2 e5 7. Nb3 Be7 8. Be3 O-O 9. g4 a5 10. a3 a4 11. Nc1 Nd4 12. Bxd4 exd4 13. Qxd4 Bxg4 14. f3 Be6 15. Nd3 Qa5 16. Nf4 Nd7 17. Nxe6 fxe6 18. O-O-O Bg5+ 19. Kb1 Bf4 20. Nb5 Nb6 21. Rhg1 Be5 22. Qf2 d5 23. exd5 Nxd5 24. c4 Nf4 25. Qe3 Rf5 26. Rd7 Rd8 27. Rxd8+ Qxd8 28. Rd1 Qf6 29. Nd6 Bxd6 30. Rxd6 Re5 31. Qb6 Rxe2 32. Qxb7 h6 0-1

[Event "Ontario ch"]
[Site "Toronto CAN"]
[Date "1997.11.02"]
[Round "6"]
[White "Day, Lawrence"]
[Black "Teodoro, Roderick"]
[Result "1-0"]
[WhiteElo "2461"]
[BlackElo "2269"]
[PlyCount "80"]
[GameId "2160767911931995"]
[EventDate "1997.09.28"]
[EventType "tourn"]
[EventRounds "9"]
[EventCountry "CAN"]

1. e4 e5 2. f4 exf4 3. Nf3 Be7 4. Nc3 Bh4+ 5. Ke2 d5 6. Nxd5 Nf6 7. Nc3 Nxe4 8. Nxe4 Qe7 9. Nxh4 Qxh4 10. Kd3 Bf5 11. Qe2 O-O 12. Kc3 Nc6 13. d3 Bxe4 14. Qxe4 Rae8 15. Qxf4 Qe1+ 16. Kb3 Na5+ 17. Ka3 Re6 18. d4 Nc4+ 19. Bxc4 Qa5+ 20. Kb3 Rb6+ 21. Bb5 Qxb5+ 22. Kc3 Rc6+ 23. Kd2 Rf6 24. Qg3 Qd5 25. c3 Rg6 26. Qh3 Rxg2+ 27. Kd1 Re8 28. Re1 Rxe1+ 29. Kxe1 Qe4+ 30. Qe3 Rg1+ 31. Ke2 Qg4+ 32. Kd3 Qg6+ 33. Kc4 Qc6+ 34. Kb3 Qb6+ 35. Kc2 Qg6+ 36. Qd3 Qc6 37. d5 Qd7 38. b3 h5 39. Kb2 Rg2+ 40. Bd2 Qh3 1-0

[Event "Ontario ch"]
[Site "Toronto CAN"]
[Date "1997.11.02"]
[Round "6"]
[White "Jung, Hans"]
[Black "Ochkoos, Jura"]
[Result "1-0"]
[WhiteElo "2298"]
[BlackElo "2426"]
[PlyCount "53"]
[GameId "2160767911931996"]
[EventDate "1997.09.28"]
[EventType "tourn"]
[EventRounds "9"]
[EventCountry "CAN"]

1. Nc3 e5 2. Nf3 d6 3. d4 exd4 4. Nxd4 g6 5. h4 Nf6 6. Bg5 c6 7. h5 Be7 8. hxg6 fxg6 9. Bh6 Qb6 10. Qd3 Nbd7 11. O-O-O Ne5 12. Qg3 c5 13. Nb3 Be6 14. Bg7 O-O-O 15. Bxh8 Rxh8 16. f4 Neg4 17. e4 h5 18. Be2 Re8 19. Kb1 a6 20. e5 dxe5 21. fxe5 Nd7 22. Nd5 Bxd5 23. Rxd5 Qe6 24. Bxg4 hxg4 25. Rhd1 Nb6 26. Nxc5 Qf5 27. Qb3 1-0

[Event "Ontario ch"]
[Site "Toronto CAN"]
[Date "1997.11.02"]
[Round "6"]
[White "Kiviaho, Robert"]
[Black "Teodoro, Eduardo"]
[Result "0-1"]
[WhiteElo "2330"]
[BlackElo "2435"]
[PlyCount "112"]
[GameId "2160767911931997"]
[EventDate "1997.09.28"]
[EventType "tourn"]
[EventRounds "9"]
[EventCountry "CAN"]

1. d4 d5 2. c4 e6 3. Nc3 Nf6 4. Bg5 Be7 5. e3 O-O 6. Nf3 Nbd7 7. Rc1 c6 8. Bd3 Re8 9. O-O Nf8 10. Qc2 Nh5 11. Bxe7 Qxe7 12. c5 f5 13. b4 Nf6 14. b5 Ng6 15. bxc6 bxc6 16. Ne2 Qc7 17. g3 Ng4 18. h3 Nh6 19. Nf4 Nf7 20. Kg2 e5 21. dxe5 Nfxe5 22. Bxf5 Nxf4+ 23. gxf4 Bxf5 24. Qxf5 Nxf3 25. Kxf3 Re4 26. Rcd1 Rf8 27. Qh5 Qe7 28. Kg2 Qxc5 29. Rb1 Qe7 30. Rfc1 Ra4 31. Rxc6 Qe4+ 32. Qf3 Qxb1 33. Qxd5+ Kh8 34. Rc7 Qe4+ 35. Qxe4 Rxe4 36. Rxa7 h6 37. Kf3 Rfe8 38. a4 Rb4 39. a5 Ra4 40. Kg4 Re5 41. a6 Rea5 42. Re7 Rxa6 43. e4 Rg6+ 44. Kh5 Rg2 45. f5 Ra3 46. h4 Rh3 47. f4 Rf3 48. f6 Rxf4 49. fxg7+ Rxg7 50. Re6 Rgg4 51. e5 Rxh4+ 52. Kg6 Rhg4+ 53. Kxh6 Rg8 54. Kh5 Rf5+ 55. Kh4 Rf7 56. Rh6+ Kg7 0-1

[Event "Ontario ch"]
[Site "Toronto CAN"]
[Date "1997.11.02"]
[Round "6"]
[White "McTavish, David"]
[Black "Zugic, Igor"]
[Result "1/2-1/2"]
[WhiteElo "2200"]
[BlackElo "2347"]
[PlyCount "51"]
[GameId "2160767911931998"]
[EventDate "1997.09.28"]
[EventType "tourn"]
[EventRounds "9"]
[EventCountry "CAN"]

1. e4 e6 2. d4 d5 3. Nd2 Nf6 4. e5 Nfd7 5. c3 c5 6. Bd3 Nc6 7. Ngf3 f5 8. exf6 Nxf6 9. O-O cxd4 10. cxd4 Bd6 11. Re1 O-O 12. Nf1 Qb6 13. b3 Bb4 14. Re3 Kh8 15. Bb2 Ne7 16. Ne5 Nf5 17. Rh3 Nh6 18. g4 Bd6 19. g5 Bxe5 20. dxe5 Nfg4 21. gxh6 Nxf2 22. hxg7+ Kxg7 23. Rxh7+ Kg8 24. Rh8+ Kg7 25. Rh7+ Kg8 26. Rh8+ 1/2-1/2

[Event "Ontario ch"]
[Site "Toronto CAN"]
[Date "1997.11.02"]
[Round "6"]
[White "Nickoloff, Bryon"]
[Black "Dougherty, Michael"]
[Result "1/2-1/2"]
[WhiteElo "2498"]
[BlackElo "2313"]
[PlyCount "51"]
[GameId "2160767911931999"]
[EventDate "1997.09.28"]
[EventType "tourn"]
[EventRounds "9"]
[EventCountry "CAN"]

1. d4 Nf6 2. c4 e6 3. Nf3 d5 4. Bg5 c6 5. Qc2 Nbd7 6. cxd5 exd5 7. e3 Be7 8. Bd3 O-O 9. Nc3 Re8 10. O-O Nf8 11. h3 Nh5 12. Bxe7 Qxe7 13. Rab1 g6 14. b4 a6 15. a4 Nf6 16. Rfc1 N8d7 17. b5 axb5 18. axb5 Ne4 19. Bxe4 dxe4 20. Nd2 Nf6 21. Ra1 Rxa1 22. Rxa1 c5 23. d5 Bf5 24. Nc4 Rd8 25. Rd1 h5 26. Kh2 1/2-1/2

[Event "Ontario ch"]
[Site "Toronto CAN"]
[Date "1997.??.??"]
[Round "7"]
[White "Dougherty, Michael"]
[Black "Day, Lawrence"]
[Result "1-0"]
[WhiteElo "2265"]
[BlackElo "2400"]
[PlyCount "64"]
[GameId "2160767911932000"]
[EventDate "1997.09.28"]
[EventType "tourn"]
[EventRounds "9"]
[EventCountry "CAN"]
[SourceTitle "EXT 1999"]
[Source "ChessBase"]
[SourceDate "1998.11.10"]
[SourceVersion "1"]
[SourceVersionDate "1998.11.10"]
[SourceQuality "1"]

1. d4 Nf6 2. Nc3 d5 3. Bg5 Nbd7 4. e3 g6 5. Nf3 Bg7 6. Be2 O-O 7. h3 b6 8. Ne5 Bb7 9. f4 Ne8 10. Ba6 Nd6 11. Bxb7 Nxb7 12. Nc6 Qe8 13. Nxd5 Kh8 14. Qf3 f6 15. Bh4 Qf7 16. O-O Nd6 17. Ndxe7 Rae8 18. Nd5 Ne4 19. Nxc7 Qc4 20. Nxe8 Nd2 21. Qd1 Nxf1 22. Qxf1 Qxc6 23. Nxg7 Kxg7 24. Qd3 Re8 25. c4 f5 26. b4 Re4 27. Be1 Kf7 28. a4 Qe6 29. Bd2 h6 30. a5 b5 31. cxb5 Nf6 32. b6 a6 1-0

[Event "Ontario ch"]
[Site "Toronto CAN"]
[Date "1997.11.09"]
[Round "7"]
[White "Teodoro, Eduardo"]
[Black "McTavish, David"]
[Result "1-0"]
[WhiteElo "2435"]
[BlackElo "2200"]
[PlyCount "71"]
[GameId "2160767911932002"]
[EventDate "1997.09.28"]
[EventType "tourn"]
[EventRounds "9"]
[EventCountry "CAN"]

1. e4 c5 2. Nf3 d6 3. d4 cxd4 4. Nxd4 Nf6 5. Nc3 a6 6. a4 e5 7. Nf3 Qc7 8. h3 Be7 9. Be2 O-O 10. O-O h6 11. Be3 Nbd7 12. a5 b5 13. axb6 Nxb6 14. Nd2 Bb7 15. Bxb6 Qxb6 16. Nc4 Qc7 17. Qd3 Nxe4 18. Nxe4 d5 19. Ned2 dxc4 20. Qxc4 Qb6 21. Qb3 Qxb3 22. Nxb3 Be4 23. Bd1 Rfc8 24. c3 Bd5 25. Re1 f6 26. Na5 Rab8 27. Re2 Rc5 28. Rd2 Be6 29. Be2 Bd8 30. Rxd8+ Rxd8 31. Nb7 Rcc8 32. Nxd8 Rxd8 33. Rxa6 Kf7 34. Kf1 Rd2 35. Rb6 Bd5 36. Ke1 1-0

[Event "Ontario ch"]
[Site "Toronto CAN"]
[Date "1997.11.09"]
[Round "7"]
[White "Teodoro, Roderick"]
[Black "Jung, Hans"]
[Result "1/2-1/2"]
[WhiteElo "2269"]
[BlackElo "2298"]
[PlyCount "89"]
[GameId "2160767911932003"]
[EventDate "1997.09.28"]
[EventType "tourn"]
[EventRounds "9"]
[EventCountry "CAN"]

1. e4 e6 2. d4 d5 3. exd5 exd5 4. c4 c6 5. Nc3 Nf6 6. Bd3 dxc4 7. Bxc4 Be7 8. Nf3 O-O 9. h3 Nbd7 10. O-O Nb6 11. Bd3 Be6 12. Re1 Nbd5 13. Ng5 Bc8 14. Nxd5 cxd5 15. Bd2 Bd6 16. Qb3 b6 17. Bb4 Bb7 18. Bxd6 Qxd6 19. Qc2 g6 20. Rac1 Rac8 21. Qd2 Kg7 22. Rxc8 Rxc8 23. Rc1 Re8 24. Nf3 Ne4 25. Qd1 Re6 26. a3 Rf6 27. Qe2 Bc6 28. Bxe4 dxe4 29. Ne5 Bd5 30. Qe3 h5 31. Rc8 Bb7 32. Re8 Re6 33. Rxe6 Qxe6 34. Qc3 Qd6 35. Nc4 Qe7 36. Kf1 Ba6 37. Ke1 f5 38. d5+ Kh7 39. d6 Qd7 40. Ne5 Qxd6 41. Nf7 Qf8 42. Qf6 Qg7 43. Ng5+ Kh6 44. Nf7+ Kh7 45. Ng5+ 1/2-1/2